a beginner's business book / (رقم التسجيلة. 10112)
[ عرض عادي ]
| 000 -الفاتح | |
|---|---|
| حقل البيانات ثابتة الطول | 00822nam a22002537a 4500 |
| 003 - محدد رقم الضبط | |
| رقم الضبط | INP |
| 005 - وقت وتاريخ اخر تعامل مع التسجيلة | |
| رقم الضبط | 20260622095959.0 |
| 008 - عناصر البيانات ثابتة الطول - معلومات عامة | |
| حقل البيانات ثابتة الطول | 180514b1994 gw ||||fr|||| 00| 0 eng d |
| 040 ## - مصدر الفهرسة | |
| وكالة الفهرسة الأصلية | EG-INP |
| لغة الفهرسة | eng |
| وكالة النسخ | EG-INP |
| 082 04 - رقم تصنيف ديوى العشرى | |
| رقم الطبعة | 21 |
| رقم التصنيف | 650 |
| رقم المادة | v b |
| 100 1# - المدخل الرئيسى - إسم شخصى | |
| الإسم الشخصى | Allen, victor c. |
| 245 12 - بيان العنوان | |
| العنوان | a beginner's business book / |
| بيان المسئولية | victor c Allen, Nicole Goler v. ravensburg. |
| 260 ## - بيانات النشر | |
| مكان الناشر او الموزع | marburg : |
| اسم الناشر او الموزع | marburg consult for self-help promotion, |
| تاريخ النشر أو التوزيع | 1994. |
| 300 ## - الوصف المادى | |
| التعداد | 186 p. : |
| تفاصيل ماديه اخرى للوعاء | ill. ; |
| أبعاد الوعاء | 20 cm. |
| 490 ## - بيان السلسلة | |
| عنوان السلسلة | theory and practice of self-help promotion ; |
| رقم المجلد/ التعيين التسلسلي | 10. |
| 650 #0 - المدخل الاضافى بالموضوع-مصطلح موضوعى | |
| مصطلح موضوعي كعنصر مدخل | Business |
| 9 (RLIN) | 359 |
| 650 #0 - المدخل الاضافى بالموضوع-مصطلح موضوعى | |
| مصطلح موضوعي كعنصر مدخل | Accounting |
| 9 (RLIN) | 38 |
| 650 #0 - المدخل الاضافى بالموضوع-مصطلح موضوعى | |
| مصطلح موضوعي كعنصر مدخل | Online social networks in business |
| 9 (RLIN) | 2378 |
| 700 1# - المدخل الاضافى - اسم شخصى | |
| الإسم الشخصى | ravensburg, Nicole Goler v. |
| 830 ## - المدخل الاضافى بالسلسلة -عنوان موحد | |
| عنوان موحد | theory and practice of self-help promotion : |
| رقم المجلد/ التعيين التسلسلي | 10 |
| 901 ## - عنصر بيانات محلىA, LDA (RLIN) | |
| كود المفهرس | EGPV23 |
| 903 ## - original or copycat | |
| a | original |
| حالة التراجع | المكان المؤقت | الموقع الحالى | نوع وعاء كوها |
|---|---|---|---|
| Library INP | Library INP | كتاب |
Institute of National Planning Catalog